| 000 | 00891nam a2200289Ia 4500 | ||
|---|---|---|---|
| 003 | OSt | ||
| 005 | 20221006143420.0 | ||
| 006 | a|||||r|||| 00| 0 | ||
| 007 | ta | ||
| 008 | 221006b |||||||| |||| 00| 0 eng d | ||
| 020 |
_c _6.00 (each) |
||
| 024 | _a8,891 | ||
| 037 | _cTextual | ||
| 040 |
_aEASL _cEASL _beng |
||
| 041 |
_2eng _aeng |
||
| 082 | _aV42.N5, K7;3 | ||
| 100 |
_aBEARDSLEY Richard K Ed. _9235426 |
||
| 245 | 0 | _aStudies in Japanese history and politics | |
| 260 |
_aAnn Arbor _bUniversity of Michigan Press _c1967 |
||
| 300 |
_a166p. _ccm. |
||
| 490 |
_v RS _aCenter for Japanese Studies Occasional Papers No. 10 |
||
| 650 |
_a Japan Teachers Union _9649806 |
||
| 650 | _a JEL | ||
| 650 |
_aJapanese Political Reaction to Constitutional Revision _9649807 |
||
| 942 |
_hV42.N5, K7;3 _cTEXL _2CC |
||
| 999 |
_c1076977 _d1076977 |
||